| 000 | 00000nam 2200000zi 4500 |
| 001 | 9.955933 |
| 003 | CaOODSP |
| 005 | 20251030135959 |
| 006 | m o d f |
| 007 | cr mn||||||||| |
| 008 | 251002s2025 onca o f000 0 eng d |
| 020 | |a9780660791814 |
| 040 | |aCaOODSP|beng|erda|cCaOODSP |
| 043 | |an-cn--- |
| 086 | 1 |aCi44-27/2025E-PDF |
| 245 | 00|aInformation sheet : |brefugee claimants and the Interim Federal Health Program. |
| 264 | 1|a[Ottawa] : |bImmigration, Refugees and Citizenship Canada = Immigration, réfugiés et citoyenneté Canada, |c[2025] |
| 300 | |a1 online resource (3 unnumbered pages) : |bcolour illustration |
| 336 | |atext|btxt|2rdacontent |
| 337 | |acomputer|bc|2rdamedia |
| 338 | |aonline resource|bcr|2rdacarrier |
| 500 | |aIssued also in French under title: Fiche d'information : les demandeurs d'asile et le Programme fédéral de santé intérimaire. |
| 500 | |a"IRCC-3688"-- Page [1]. |
| 650 | 0|aRefugees|xMedical care|zCanada|xFinance. |
| 650 | 0|aRefugees|xMedical care|xGovernment policy|zCanada. |
| 650 | 0|aHealth insurance|xGovernment policy|zCanada. |
| 710 | 1 |aCanada. |bImmigration, Refugees and Citizenship Canada, |eissuing body. |
| 775 | 08|tFiche d'information : |w(CaOODSP)9.955934 |
| 795 | |tInformation sheet : |w(CaOODSP)9.942615 |
| 856 | 40|qPDF|s273 KB|uhttps://publications.gc.ca/collections/collection_2025/ircc/Ci44-27-2025-eng.pdf |
| 986 | |aIRCC-3688 |